000 00265nam a2200109 a 4500
005 20141022142002.0
008 120307s19uu xx 00 eng d
050 _aCD
_bB74 2005
245 _aBreath sounds :
_bmade incredibly easy.
260 _c2005.
942 _cAVM
999 _c276344
_d276344